Tìm hiểu loại hình du lịch làng nghề ở thành phố Đà Nẵng. Định hướng và giải pháp phát triển đến 2020

Tổng quan cơ sở lí luận về du lịch và du lịch làng nghề. Tìm hiểu thực trạng phát triển của hoạt động du lịch làng nghề tại Đà Nẵng. Thống kê số liệu, đánh giá chung về hiện trạng phát triển, rút ra kết luận và đề xuất các định hướng phát triển hợp lí cho loại hình du lịch làng nghề ở thành phố Đà N...

وصف كامل

محفوظ في:
التفاصيل البيبلوغرافية
المؤلف الرئيسي: Trương Thị Nhiên
مؤلفون آخرون: Hoàng Thị Diệu Huyền (Hướng dẫn)
التنسيق: كتاب
اللغة:Vietnamese
منشور في: Đà Nẵng Đại học Sư phạm, Đại học Đà Nẵng 2013
الموضوعات:
الوسوم: إضافة وسم
لا توجد وسوم, كن أول من يضع وسما على هذه التسجيلة!
Thư viện lưu trữ: Mạng thư viện Đại học Đà Nẵng
LEADER 01932nam a2200337 4500
001 000018863
003 15298
005 20140120110112.0
008 140113s2013 viesd
041 |a vie 
082 1 4 |a 910.16425  |b TR-N 
100 1 |a Trương Thị Nhiên 
245 1 0 |a Tìm hiểu loại hình du lịch làng nghề ở thành phố Đà Nẵng. Định hướng và giải pháp phát triển đến 2020  |c Trương Thị Nhiên ; Hoàng Thị Diệu Huyền hướng dẫn  |k Khóa luận tốt nghiệp 
260 |a Đà Nẵng  |b Đại học Sư phạm, Đại học Đà Nẵng  |c 2013 
300 |a 53 tr., phụ lục 5 tr.  |b Hình mh.  |c 29 cm. 
500 |a Khóa luận tốt nghiệp đại học. Chuyên ngành: Cử nhân Địa lý - Môi trường 
520 |a Tổng quan cơ sở lí luận về du lịch và du lịch làng nghề. Tìm hiểu thực trạng phát triển của hoạt động du lịch làng nghề tại Đà Nẵng. Thống kê số liệu, đánh giá chung về hiện trạng phát triển, rút ra kết luận và đề xuất các định hướng phát triển hợp lí cho loại hình du lịch làng nghề ở thành phố Đà Nẵng đến năm 2020. 
650 0 4 |a Du lịch làng nghề  |v Khóa luận tốt nghiệp  |x Tìm hiểu  |y 2006-2020  |z Đà Nẵng 
653 |a Khoa Địa lý 
653 |a Du lịch làng nghề 
700 1 |a Hoàng Thị Diệu Huyền  |e Hướng dẫn 
OWN |a LSP 
AVA |a UDN50  |b LSP  |d 910.16425 TR-N  |e available  |t Error 5001 Not defined in file expand_doc_bib_avail.  |f 1  |g 0  |h N  |i 0  |k 1 
999 |a From the UDN01 
AVA |a UDN50  |b LSP  |d 910.16425 TR-N  |e available  |t Error 5001 Not defined in file expand_doc_bib_avail.  |f 1  |g 0  |h N  |i 0  |k 1 
TYP |a Monograph 
TYP |a Printed language 
980 |a Mạng thư viện Đại học Đà Nẵng